000 00590nam a2200217 a 4500
001 BRCA_6133
005 20190320205338.0
008 050711s1928----gw-#######---#000-0#ger-#
041 _ager
044 _agw
050 4 _aPR5774 .B4
_b.G4 1928
100 1 _aWells, H. G.
_d1866-1946.
_q(Herbert George)
_915472
245 1 0 _aBealby
_beine heiterer roman.
_cHerbert George Wells.
260 _aBerlin
_bP. Zsolnay
_c1928
300 _a307 p.
_c19 cm.
500 _aContiene firma de Franz Mayer
500 _aK27
650 1 4 _aLiteratura inglesa
_915473
902 _aGFM
942 _2lcc
_cB
999 _c5820
_d5820